Statistics for Countries by literacy rate

Click here to take the quiz!

General Stats

  • This quiz has been taken 12 times
  • The average score is 4 of 10

Answer Stats

PrecentageCountry% Correct
99.9%Estonia
70%
99.9%Cuba
50%
99.9%Italy
50%
99.9%Lithuania
50%
100%North Korea
50%
100%Ukraine
50%
99.9%Kazakhstan
40%
100%Uzbekistan
40%
99.9%Azerbaijan
30%
99.9%Barbados
10%

Score Distribution

Percentile by Number Answered

Percent of People with Each Score

Your Score History

You have not taken this quiz